00915nac a22002291u 4500010001500000020002800015082001600043090001500059100003400074245006500108250001200173260005800185300003500243504005100278650003800329650005600367650003300423700002300456942001800479999001500497952017300512 a2004057632 a0273685295 (alk. paper)00a658.84bU88 c1203d1203 aUsunier, Jean-Claude. 10aMarketing across cultures /cJean-Claude Usunier, Julie Lee. a4th ed. aNew York :bFinancial Times Prentice Hall,2005c2005. a573 p. :bcol. ill . ;c25 cm. aIncludes bibliographical references and index. 0aExport marketingxSocial aspects. 0aInternational business enterprisesxSocial aspects. 0aIntercultural communication.1 aLee, Julie,d1948- cBBk658.84U88 c1203d1203 00102ddc3Lost_In_Inventory_12-2-202440708 aMAINbMAINc1STd2006-08-27epurchaseg195.00l4m6o658.84 USUp000003289r2026-03-04 00:00:00s2010-04-11v243.75yBB